=LDR 00000nam 2200000 4500 =001 INLIS000000000014427 =005 20130612105715 =008 ***********************************Ind** =035 ##$$0010-061300000014427 =041 ##$$a Ind =082 ##$$a 634.6 =090 ##$$a 634.6, Roh m =100 ##$$a Rohliansyah, Pahmi =245 ##$$a Mengenal buah-buahan kalimantan, Pahmi Rohliyansah =260 ##$$a 2001 $b Yogyakarta =300 ##$$a 117 hlm, Il, 20 cm =650 ##$$a Buah - buahan tropis =850 ##$$a NBPNMAT